<?xml version="1.0" encoding="UTF-8"?>
<record
    xmlns:xsi="http://www.w3.org/2001/XMLSchema-instance"
    xsi:schemaLocation="http://www.loc.gov/MARC21/slim http://www.loc.gov/standards/marcxml/schema/MARC21slim.xsd"
    xmlns="http://www.loc.gov/MARC21/slim">

  <leader>04805nam a22006497a 4500</leader>
  <controlfield tag="001">113641</controlfield>
  <controlfield tag="003">DR-UNIBE</controlfield>
  <controlfield tag="005">20250516105100.0</controlfield>
  <controlfield tag="008">250516b2024    sp ||||| |||| 00| 0 spa d</controlfield>
  <datafield tag="020" ind1=" " ind2=" ">
    <subfield code="a">9788427731899</subfield>
  </datafield>
  <datafield tag="040" ind1=" " ind2=" ">
    <subfield code="a">BIBLIOTECA UNIBE</subfield>
    <subfield code="c">BIBLIOTECA UNIBE</subfield>
    <subfield code="e">rda</subfield>
  </datafield>
  <datafield tag="041" ind1=" " ind2=" ">
    <subfield code="a">spa</subfield>
  </datafield>
  <datafield tag="082" ind1=" " ind2=" ">
    <subfield code="a">370.7  A654c</subfield>
  </datafield>
  <datafield tag="245" ind1="0" ind2="3">
    <subfield code="a">El desaf&#xED;o del aprendizaje cooperativo en la universidad /</subfield>
    <subfield code="c">Virginia Acu&#xF1;a-Ferreira [y otros veinticuatro]</subfield>
  </datafield>
  <datafield tag="260" ind1=" " ind2=" ">
    <subfield code="a">Madrid :  </subfield>
    <subfield code="b">Narcea ,</subfield>
    <subfield code="c">2024</subfield>
  </datafield>
  <datafield tag="300" ind1=" " ind2=" ">
    <subfield code="a">146  p&#xE1;ginas</subfield>
  </datafield>
  <datafield tag="490" ind1=" " ind2=" ">
    <subfield code="a">Universitaria</subfield>
  </datafield>
  <datafield tag="505" ind1=" " ind2=" ">
    <subfield code="a">1. EL APRENDIZAJE COOPERATIVO EN LA UNIVERSIDAD  |
2. &#xC1;MBITO A. LA COHESI&#xD3;N DE GRUPO: DIN&#xC1;MICAS PARA FOMENTAR LA PARTICIPACI&#xD3;N Y EL CONOCIMIENTO MUTUO. LOS EQUIPOS  COOPERATIVOS  |
    2.1. &#xC1;mbito de intervenci&#xF3;n A. La pelota  |
    2.2. &#xC1;mbito de intervenci&#xF3;n A. El blanco y la diana  |
    2.3. &#xC1;mbito de intervenci&#xF3;n A. Mundo de colores  |
3. &#xC1;MBITO B. EL TRABAJO EN EQUIPO COMO RECURSO: ESTRUCTURAS COOPERATIVAS SIMPLES  |
    3.1. &#xC1;mbito de intervenci&#xF3;n B. Lectura compartida  |
    3.2. &#xC1;mbito de intervenci&#xF3;n B. 1-2-4  |
    3.3. &#xC1;mbito de intervenci&#xF3;n B. El folio giratorio  |
    3.4. &#xC1;mbito de intervenci&#xF3;n B. Parada de tres minutos  |
    3.5. &#xC1;mbito de intervenci&#xF3;n B. L&#xE1;pices al centro  |
    3.6. &#xC1;mbito de intervenci&#xF3;n B. Juego de palabras  |
4. &#xC1;MBITO C. EL TRABAJO EN EQUIPO COMO CONTENIDO  |
EP&#xCD;LOGO. UN PROYECTO CON VOCACI&#xD3;N DE CONTINUIDAD: &#xBF;D&#xD3;NDE     ESTAMOS? &#xBF;HACIA D&#xD3;NDE VAMOS?  |
</subfield>
  </datafield>
  <datafield tag="520" ind1="3" ind2=" ">
    <subfield code="a">En la docencia universitaria, es frecuente escuchar: &#x201C;No trabajan en equipo, dividen los trabajos y solo saben de su parte. No ser&#xE1;n capaces de integrarse en un equipo&#x201D;. Fomentar el trabajo en equipo sigue siendo una prioridad en nuestras aulas universitarias. Cada a&#xF1;o, el alumnado se grad&#xFA;a e inicia su trayectoria profesional sin haber desarrollado y afianzado sus habilidades en una competencia transversal y esencial en cualquier profesi&#xF3;n o disciplina: el trabajo en equipo.

Este libro presenta una experiencia pr&#xE1;ctica de transformaci&#xF3;n en la docencia universitaria para cooperar aprendiendo y, a la vez, aprender a cooperar. Parte de un proceso de acompa&#xF1;amiento y formaci&#xF3;n del profesorado de la Facultade de Educaci&#xF3;n y Traballo Social (FETS) de la Universidade  de Vigo que ha favorecido la implementaci&#xF3;n del aprendizaje cooperativo en las cuatro titulaciones de este centro, analizando los primeros resultados e impactos en los procesos de ense&#xF1;anza-aprendizaje.

El manual proporciona una base te&#xF3;rica combinada con procedimientos pr&#xE1;cticos para transformar la docencia de manera gradual. Incluye ejemplos pr&#xE1;cticos de la implementaci&#xF3;n en diferentes materias y cursos, recogiendo las opiniones y experiencias del propio alumnado.
</subfield>
  </datafield>
  <datafield tag="650" ind1=" " ind2="7">
    <subfield code="2">lemb</subfield>
    <subfield code="a">Educaci&#xF3;n superior</subfield>
  </datafield>
  <datafield tag="650" ind1=" " ind2="7">
    <subfield code="2">lemb</subfield>
    <subfield code="a">Innovaciones educativas</subfield>
  </datafield>
  <datafield tag="650" ind1=" " ind2="7">
    <subfield code="2">lemb</subfield>
    <subfield code="a">Profesores</subfield>
  </datafield>
  <datafield tag="650" ind1=" " ind2="7">
    <subfield code="2">lemb</subfield>
    <subfield code="a">Docencia</subfield>
    <subfield code="9">97841</subfield>
  </datafield>
  <datafield tag="653" ind1=" " ind2=" ">
    <subfield code="a">Desarrollo profesional docente</subfield>
  </datafield>
  <datafield tag="653" ind1=" " ind2=" ">
    <subfield code="a">M&#xE9;todos en educaci&#xF3;n </subfield>
  </datafield>
  <datafield tag="653" ind1=" " ind2=" ">
    <subfield code="a">Docencia universitaria</subfield>
  </datafield>
  <datafield tag="700" ind1="1" ind2=" ">
    <subfield code="a"> Alonso-Ferreiro, Almudena</subfield>
    <subfield code="e">editor</subfield>
    <subfield code="9">195545</subfield>
  </datafield>
  <datafield tag="700" ind1="1" ind2=" ">
    <subfield code="a">Moci&#xF1;o-Gonz&#xE1;lez, Isabel </subfield>
    <subfield code="e">editor</subfield>
    <subfield code="9">195546</subfield>
  </datafield>
  <datafield tag="700" ind1="1" ind2=" ">
    <subfield code="a">Riob&#xF3;o-Lois, Breog&#xE1;n </subfield>
    <subfield code="e">editor</subfield>
    <subfield code="9">195547</subfield>
  </datafield>
  <datafield tag="700" ind1="1" ind2=" ">
    <subfield code="a">Zabalza-Cerdeiri&#xF1;a, Mar&#xED;a-Ainoa </subfield>
    <subfield code="e">editor</subfield>
    <subfield code="9">151713</subfield>
  </datafield>
  <datafield tag="700" ind1="1" ind2=" ">
    <subfield code="a">Acu&#xF1;a-Ferreira, Virginia</subfield>
    <subfield code="e">autor</subfield>
    <subfield code="9">195548</subfield>
  </datafield>
  <datafield tag="700" ind1="1" ind2=" ">
    <subfield code="a">Blanco-Pardo, Nazaret</subfield>
    <subfield code="e">autor</subfield>
    <subfield code="9">195549</subfield>
  </datafield>
  <datafield tag="700" ind1="1" ind2=" ">
    <subfield code="a">Carrera-Fern&#xE1;ndez, Mar&#xED;a Victoria</subfield>
    <subfield code="e">autor</subfield>
    <subfield code="9">195550</subfield>
  </datafield>
  <datafield tag="700" ind1="1" ind2=" ">
    <subfield code="a">Casal-de-la-Fuente, Luc&#xED;a</subfield>
    <subfield code="e">autor</subfield>
    <subfield code="9">195551</subfield>
  </datafield>
  <datafield tag="700" ind1="1" ind2=" ">
    <subfield code="a">Castro-Pais, Mar&#xED;a Dolores </subfield>
    <subfield code="e">autor</subfield>
    <subfield code="9">195552</subfield>
  </datafield>
  <datafield tag="700" ind1="1" ind2=" ">
    <subfield code="a">Coch&#xF3;n-N&#xFA;&#xF1;ez, Mar&#xED;a Concepci&#xF3;n</subfield>
    <subfield code="e">autor</subfield>
    <subfield code="9">195553</subfield>
  </datafield>
  <datafield tag="700" ind1="1" ind2=" ">
    <subfield code="a">Conde-Rodr&#xED;guez, &#xC1;ngeles</subfield>
    <subfield code="e">autor</subfield>
    <subfield code="9">195554</subfield>
  </datafield>
  <datafield tag="700" ind1="1" ind2=" ">
    <subfield code="a">D&#xED;eguez-Garc&#xED;a, Nuria</subfield>
    <subfield code="e">autor</subfield>
    <subfield code="9">195555</subfield>
  </datafield>
  <datafield tag="700" ind1="1" ind2=" ">
    <subfield code="a">Escuredo-P&#xE9;rez, Olga</subfield>
    <subfield code="e">autor</subfield>
    <subfield code="9">195556</subfield>
  </datafield>
  <datafield tag="700" ind1="1" ind2=" ">
    <subfield code="a">Fern&#xE1;ndez-V&#xE1;zquez, Mar</subfield>
    <subfield code="e">autor</subfield>
    <subfield code="9">195557</subfield>
  </datafield>
  <datafield tag="700" ind1="1" ind2=" ">
    <subfield code="a">Ferreiro-Gonz&#xE1;lez, Isabel  </subfield>
    <subfield code="e">autor</subfield>
    <subfield code="9">195558</subfield>
  </datafield>
  <datafield tag="700" ind1="1" ind2=" ">
    <subfield code="a">Garc&#xED;a-Fuentes, Olalla</subfield>
    <subfield code="e">autor</subfield>
    <subfield code="9">195559</subfield>
  </datafield>
  <datafield tag="700" ind1="1" ind2=" ">
    <subfield code="a">Garc&#xED;a-Se&#xF1;or&#xE1;n, Mar&#xED;a del Mar</subfield>
    <subfield code="e">autor</subfield>
    <subfield code="9">195560</subfield>
  </datafield>
  <datafield tag="700" ind1="1" ind2=" ">
    <subfield code="a">Gonz&#xE1;lez-Rodr&#xED;guez, Rub&#xE9;n</subfield>
    <subfield code="e">autor</subfield>
    <subfield code="9">195561</subfield>
  </datafield>
  <datafield tag="700" ind1="1" ind2=" ">
    <subfield code="a">Gonz&#xE1;lez-V&#xE1;zquez, Mercedes</subfield>
    <subfield code="e">autor</subfield>
    <subfield code="9">195562</subfield>
  </datafield>
  <datafield tag="700" ind1="1" ind2=" ">
    <subfield code="a">Iglesias-&#xC1;lvarez, Ana</subfield>
    <subfield code="e">autor</subfield>
    <subfield code="9">195563</subfield>
  </datafield>
  <datafield tag="700" ind1="1" ind2=" ">
    <subfield code="a">Lago-Mart&#xED;nez, Jos&#xE9; Ram&#xF3;n</subfield>
    <subfield code="e">autor</subfield>
    <subfield code="9">195564</subfield>
  </datafield>
  <datafield tag="700" ind1="1" ind2=" ">
    <subfield code="a">Loureiro-Ga, Marcos </subfield>
    <subfield code="e">autor</subfield>
    <subfield code="9">195565</subfield>
  </datafield>
  <datafield tag="700" ind1="1" ind2=" ">
    <subfield code="a">Mart&#xED;nez-Rom&#xE1;n, Rosana</subfield>
    <subfield code="e">autor</subfield>
    <subfield code="9">195566</subfield>
  </datafield>
  <datafield tag="700" ind1="1" ind2=" ">
    <subfield code="a">Raposo-Rivas, Manuela</subfield>
    <subfield code="e">autor</subfield>
    <subfield code="9">195567</subfield>
  </datafield>
  <datafield tag="700" ind1="1" ind2=" ">
    <subfield code="a">Rodr&#xED;guez-Enr&#xED;quez, M&#xF3;nica</subfield>
    <subfield code="e">autor</subfield>
    <subfield code="9">195568</subfield>
  </datafield>
  <datafield tag="700" ind1="1" ind2=" ">
    <subfield code="a">Rodr&#xED;guez-Rodr&#xED;guez, Juan Luis</subfield>
    <subfield code="e">autor</subfield>
    <subfield code="9">195569</subfield>
  </datafield>
  <datafield tag="700" ind1="1" ind2=" ">
    <subfield code="a">Sierra-Mart&#xED;nez, Silvia</subfield>
    <subfield code="e">autor</subfield>
    <subfield code="9">195570</subfield>
  </datafield>
  <datafield tag="700" ind1="1" ind2=" ">
    <subfield code="a">V&#xE1;zquez-Figueiredo, Mar&#xED;a Jos&#xE9; </subfield>
    <subfield code="e">autor</subfield>
    <subfield code="9">195571</subfield>
  </datafield>
  <datafield tag="700" ind1="1" ind2=" ">
    <subfield code="a">V&#xE1;zquez-P&#xE9;rez, Raquel</subfield>
    <subfield code="e">autor</subfield>
    <subfield code="9">195572</subfield>
  </datafield>
  <datafield tag="942" ind1=" " ind2=" ">
    <subfield code="2">ddc</subfield>
    <subfield code="c">BK</subfield>
  </datafield>
  <datafield tag="999" ind1=" " ind2=" ">
    <subfield code="c">113642</subfield>
    <subfield code="d">113642</subfield>
  </datafield>
  <datafield tag="952" ind1=" " ind2=" ">
    <subfield code="0">0</subfield>
    <subfield code="1">0</subfield>
    <subfield code="2">ddc</subfield>
    <subfield code="7">0</subfield>
    <subfield code="8">GEN</subfield>
    <subfield code="a">Principal</subfield>
    <subfield code="d">2025-05-16</subfield>
    <subfield code="l">1</subfield>
    <subfield code="o">370.7  A654c</subfield>
    <subfield code="p">250594</subfield>
    <subfield code="r">2025-05-21 09:12:40</subfield>
    <subfield code="s">2025-05-21</subfield>
    <subfield code="t">Ej. 1</subfield>
    <subfield code="w">2025-05-16</subfield>
    <subfield code="y">BK</subfield>
  </datafield>
</record>
